| 000 | 00852nam0a2200265 4500 | ||
|---|---|---|---|
| 001 | RU\NLR\bibl\1435411 | ||
| 005 | 20260405191142.0 | ||
| 010 |
_a978-5-486-03077-2 _910000 |
||
| 021 |
_aRU _b2009-72998 _94537 |
||
| 035 | _a(NLR Aleph) 001427292 | ||
| 090 |
_a1380315 _c1380315 |
||
| 100 | _a20091109d2009 |||y0rusy50 ca | ||
| 101 | 0 | _arus | |
| 102 | _aRU | ||
| 105 | _aa ||||||||| | ||
| 200 | 1 |
_aПицца _f[ред.-сост. Е.А. Новикова] |
|
| 210 |
_aМосква _cМир книги _d2009 |
||
| 215 |
_a95 с. _cцв. ил. _d16 |
||
| 606 | 1 |
_aПицца _xРецептура _91991610 _3RU\NLR\auth\66914420 |
|
| 686 | _aЛ869 | ||
| 702 | 1 |
_4220 _8rus _7ca _aНовикова _bЕ. А. _cпопуляризатор _3RU\NLR\AUTH\7783222 _966150 |
|
| 801 | 0 |
_aRU _bNLR _c20091109 _gRCR |
|
| 801 | 1 |
_aRU _bNLR _c20091109 |
|
| 942 | _cBOOK | ||
| 980 | _aNB | ||